| 000 | | | 03655nac2a22002531x 450 |
| 001 | | | 96730709-0990-4850-93a0-773daccccd9e |
| 005 | | | 20160224114239.0 |
| 100 | ## | $a | 20151228l19071911k y0rusy50 ca |
| 101 | 0# | $a | rus |
| 102 | ## | $a | RU |
| 105 | ## | $a | y z ||||| |
| 122 | 2# | $a | d19071231 |
| | $a | d19111231 |
| 200 | 1# | $a | Денежные отчеты Бюро Группы центра. В деле имеются списки членов Группы центра с отметками об уплате ими членских взносов и взносов Клубу общественных деятелей |
| | $j | 1907-1911 |
| 215 | ## | $a | 19 листов |
| 251 | ## | $c | Дело |
| 300 | ## | $a | Листы: 1, 2, 13, 14 - надорваны; 8 - оторван правый верхний угол; 5 - пятно |
| 300 | ## | $a | Машинописный текст |
| 330 | ## | $a | Входит в раздел описи: 2. Материалы Бюро Группы центра Государственного Совета |
| 461 | #0 | $1 | 00139b3a626-d0a0-47c3-aa28-5617d4973b79 |
| | $1 | 2001 |
| | $a | Группа центра Государственного совета |
| | $1 | 251 |
| | $c | Фонд |
| | $1 | 852 |
| | $j | 1178 |
| 462 | #0 | $1 | 001048ab243-cffe-4e04-813f-03e83f42b87a |
| | $1 | 2001 |
| | $a | Дела постоянного хранения |
| | $v | Д. 51 |
| | $1 | 251 |
| | $c | Опись |
| | $1 | 852 |
| | $j | 1 |
| 601 | 01 | $3 | RU\NLR\AUTH\889948591 |
| | $a | Россия |
| | $b | Государственный совет |
| | $b | Группа центра |
| 801 | #0 | $a | RU |
| | $b | GA_RF |
| 801 | #1 | $a | RU |
| | $b | НПО Опыт |
| | $c | 20151228 |
| | $2 | rusmarc |
| 801 | #2 | $a | RU |
| | $b | ПБ им. Б.Н. Ельцина |
| | $c | 20160224 |
| | $g | RCR |
| | $2 | rusmarc |
| 852 | ## | $a | ГА РФ |
| | $j | 51 |
| 937 | ## | $d | 64733329 |
| | $h | ПБ |
| 035 | ## | $a | RuPRLIB51034399 |